<?xml version="1.0" encoding="UTF-8"?>
<marc:record xmlns:marc="http://www.loc.gov/MARC21/slim">
   <marc:leader>00000nam a2200000 a 4500</marc:leader>
   <marc:datafield ind1="1" ind2=" " tag="100">
      <marc:subfield code="a">Boddin, Heidrun</marc:subfield>
      <marc:subfield code="4">aut</marc:subfield>
      <marc:subfield code="e">Verfasser/-in</marc:subfield>
   </marc:datafield>
   <marc:datafield ind1=" " ind2=" " tag="653">
      <marc:subfield code="a">Zahlen</marc:subfield>
   </marc:datafield>
   <marc:datafield ind1="0" ind2="0" tag="245">
      <marc:subfield code="a">Ein Nilpferd mit Matrosenmütze</marc:subfield>
   </marc:datafield>
   <marc:datafield ind1="0" ind2="0" tag="245">
      <marc:subfield code="b">ein Zahlenbilderbuch</marc:subfield>
   </marc:datafield>
   <marc:datafield ind1="0" ind2="0" tag="245">
      <marc:subfield code="c">Heidrun Boddin</marc:subfield>
   </marc:datafield>
   <marc:datafield ind1=" " ind2="1" tag="264">
      <marc:subfield code="a">München</marc:subfield>
      <marc:subfield code="b">Middelhauve</marc:subfield>
      <marc:subfield code="c">1997</marc:subfield>
   </marc:datafield>
   <marc:datafield ind1="1" ind2=" " tag="520">
      <marc:subfield code="a">Wenn Heidrun Boddin ans Werk geht und in ihren collagenartigen, gerade in ihrer simplifizierten Form und Statik besonders humorvollen Bildern zum Zählenlernen einlädt, dann entsprechen Katzen, Mäuse, Frösche, Käfer und Kühe längst nicht mehr dem gewohnten Anblick. Mit Punkten und Streifen, Flecken und geometrischen Formen wird hier jongliert, wenn ein Mann und ein Nilpferd einander treffen und damit zwei machen; oder wenn neun Schlangenkörper ineinander verschlungen sind, und damit im Gegensatz zum Abzählen die Mengenerfassung fördern. Die Zahlen von eins bis zehn dominieren die linken Seiten. In ihr Muster werden kleine Details der Darstellung jener Tiere integriert, die in entsprechender Menge auf die Zahl zutreiben, von ihr wegdrängen oder einfach nur zu ihr hinüberlinsen. STUBE - Seitenweise : www.stube.at</marc:subfield>
   </marc:datafield>
   <marc:datafield ind1=" " ind2=" " tag="020">
      <marc:subfield code="a">9783787695164</marc:subfield>
      <marc:subfield code="9">9783787695164</marc:subfield>
   </marc:datafield>
   <marc:datafield ind1=" " ind2=" " tag="300">
      <marc:subfield code="a">[26] S. : durchg. Il</marc:subfield>
   </marc:datafield>
</marc:record>
